000
00311nam a2200097Ia 4500
008
160523s9999 xx 000 0 und d
245
_a
Building Your Network Business: Proven Ideas from Successful Leaders
245
_c
by David Satterlee
260
_c
2013
856
_u
http://www.smashwords.com/books/view/360376
999
_c
294850
_d
294850